Nozioni elementari di letteratura : secondo i programmi per l'esame di magistero. Parte terza.: Notizie di storia letteraria latina ed italiana richieste dai programmi E, F ed H

Gespeichert in:
Bibliographische Detailangaben
1. Verfasser: Capellina, Domenico (VerfasserIn)
Format: Buch
Sprache:Italienisch
Erschienen: Torino : A. Vecco e comp., 1872
Katalog:EDISCO:  Suchergebnis im Bibliothekskatalog
Schulbuchspezifische Eigenschaften:
Schlagworte:
Tags: Tag hinzufügen
Keine Tags, Fügen Sie den ersten Tag hinzu!
Hinzugefügt zu:30.04.2016
Geändert in:18.10.2017

MARC

LEADER 00000aam a22000001 4500
001 01659
003 OSt
005 20171018093409.0
008 160501s1872 it 000 0 ita
040 |c francesca cesari 
041 1 |a ita 
100 1 |a Capellina, Domenico  |e Author  |9 1257 
245 0 0 |a Nozioni elementari di letteratura :  |b secondo i programmi per l'esame di magistero. Parte terza.: Notizie di storia letteraria latina ed italiana richieste dai programmi E, F ed H /  |c del professore Domenico Capellina 
260 |a Torino :  |b A. Vecco e comp.,  |c 1872 
300 |a 80 p., 3/3 ;   |c 18 cm 
650 4 |a Letteratura  |9 62 
655 |a Manuale  |9 9 
690 4 |a Secondaria superiore  |9 8  |x Magistero 
901 |a 1 
942 |2 ddc  |c BK 
546 |a ita 
999 |c 1649  |d 1649 
999 |c edisco:1649  |d 1649